O eixo da bússola (Record no. 2019)

MARC details
000 -Etiqueta do registo
Valores 00702nam a2200253 4500
010 ## - Número ISBN
ISBN 9789895522811
021 ## - Número do Depósito Legal
Código do país Portugal
Número 260019/07
100 ## - Dados gerais de processamento
Dados gerais 20251215d2007 m||y0pory5003 ba
101 ## - Língua de publicação
Língua Português
102 ## - País de publicação
País Portugal
200 ## - Titulo e menção de responsabilidade
Título próprio O eixo da bússola
Primeira menção de responsabilidade Mário Cláudio
205 ## - Menção da edição
Edição 1ª edição
210 ## - Publicação
Local de publicação Vila Nova de Famalicão
Nome do editor Quasi
Data de publicação 2007
215 ## - Descrição física 
Paginação / Volumes 198, [5] p.
Outras indicações físicas il.
Dimensões 21 cm
225 ## - Colecção 
Título próprio da colecção Biblioteca "Em nome da terra".
Nome de parte ou secção Inéditos da sábado
300 ## - Notas gerais 
Texto da nota BMB-Registado
606 ## - Nome comum usado como assunto
ID Autoridade 776
Palavra de ordem Literatura Portuguesa
606 ## - Nome comum usado como assunto
ID Autoridade 2007
Palavra de ordem Crónicas Jornais
675 ## - CDU
Notação 821.134.3-92
Edição BMB
Língua por
700 ## - Autor principal (pessoa individual)
Apelido Cláudio
Nome Mário
ID Autoridade 2891
801 ## - Fonte de origem
País PT
Agência BMB
Regras de catalogação RPC
990 ## - Elementos KOHA
Tipo de documento Livro
Holdings
Situação do levantamento Estado Número Biblioteca de origem Código de barras Cota Permissão de empréstimo Tipo de documento Forma de aquisição
    1 Biblioteca Municipal de Borba 1969 821.134.3-92 CLA / EIX   Livro Compra
Biblioteca Municipal de Borba

Powered by Koha